00501nam a2200157Ia 4500008004100000041000800041082001600049100001900065245004400084250000800128260002700136300001900163520002900182999001700211952011500228240719s9999 xx 000 0 und d aeng a658.421 KAP aKaplan, Jack M aPatterns Of Entrepreneurship Management a6th aNew DelhibWielyc2022 a376;. P. 24 Cm aGifted By : IMT Faculty  c41373d41373 00104070aIMTNbIMTNcRack 32-Ad2023-07-16o658.421 KAPp33068r2024-07-19 00:00:00w2024-07-19yBKzGifted